[Event "Olympiad-33"]
[Site "Elista"]
[Date "1998.10.12"]
[Round "13.2"]
[White "Magem Badals, Jordi"]
[Black "Aleksandrov, Aleksej"]
[Result "0-1"]
[WhiteElo "2540"]
[BlackElo "2595"]
[Annotator "Atlas,V"]
[PlyCount "52"]
[EventDate "1998.09.29"]
[EventType "team-swiss"]
[EventRounds "13"]
[EventCountry "RUS"]
[SourceTitle "CBM 068"]
[Source "ChessBase"]
[SourceDate "1999.02.01"]
[SourceVersion "1"]
[SourceVersionDate "1999.02.01"]
[SourceQuality "1"]
[WhiteTeam "Spain"]
[BlackTeam "Belarus"]
[WhiteTeamCountry "ESP"]
[BlackTeamCountry "BLR"]

1. e4 e5 2. Nf3 Nc6 3. Bc4 Bc5 4. c3 Nf6 5. d3 a6 6. Bb3 Ba7 7. Nbd2 O-O 8. O-O
d6 9. h3 Ne7 10. Re1 Ng6 11. Nf1 Nh5 12. d4 (12. Bg5 Qe8 13. Nxe5 Nxe5 14. d4
Nf6 15. Bxf6 gxf6 16. dxe5 fxe5 17. Ng3 Kh8 18. Qf3 Qe7 19. Kh2 Qg5 {led to a
convinient game for Black in Grosar,A-Polgar,S/Bled op 1994 0-1 (53)}) 12...
Nhf4 13. Ng3 (13. Bxf4 $5 {was successfully played by Magem Badals earlier:}
exf4 14. Qd3 Be6 15. Rad1 Qe7 16. e5 dxe5 17. Nxe5 Nh4 18. Nf3 $14 {1-0 Magem
Badals,J-Flear,C/Palma de Mallorca 1991/EXT 97 (42)}) 13... Bd7 $5 {A flexible
new move.} (13... Qf6 14. Be3 (14. Nh5 Qe7 15. Bxf4 Nxf4 16. Nxf4 exf4 17. Qd2
g5 18. e5 $36 {1/2-1/2 Belikov,V-Novik,M/Sochi 1990/TD 90\02 (51)}) 14... Be6
15. Bc2 Bb6 16. a4 c5 17. Nf5 cxd4 18. cxd4 Ba5 19. Bd2 Bxd2 20. Qxd2 exd4 21.
Qxd4 Ne5 $15 {1/2-1/2 Kamsky,G-Shereshevski,M/Minsk 1988/EXT 97 (51)}) (13...
Qe7 14. Be3 Rd8 15. Bc2 h6 16. Nf5 Qf6 17. g3 Ne6 18. Nh2 Re8 19. Qh5 Ngf8 20.
dxe5 dxe5 21. Bxh6 Qg6 22. Qh4 gxh6 23. Nxh6+ Kg7 24. Nf5+ Kg8 25. Nh6+ Kg7 26.
Nf5+ Kg8 {1/2-1/2 Kramnik,V-Campora,D/Moscow 1989/TD 89\02 (26)}) 14. Nf5 $6 {
Intending when appropriate to oust Black's knight by means of g2-g3. Yet,
moving the knight on f5 at this moment is probably premature, since White is
not capable to retain the tension in the center. Moreover, White's idea is
affected by miscalculation.} Re8 {Preparing favourable for Black exchanges.}
15. g3 $6 {Played consequently, but encounters convincing refutation.} (15. Be3
exd4 16. Bxd4 Bxf5 17. exf5 Rxe1+ $15) 15... Nxh3+ {Black meets the challenge.}
(15... Nh5 $2 16. Ng5 $18) (15... Ne6 16. Be3 $14) 16. Kg2 exd4 {[%cal Ge8e4,
Gd7f5]} 17. N3xd4 {Besides the move played White had in his disposal two other
continuations, likely also unsatisfactory:} (17. Kxh3 {was certainly an
interesting alternative. Now after} Rxe4 (17... d5 18. N3xd4) 18. Bxf7+ (18.
Rxe4 Bxf5+ $19) {Black answers} 18... Kf8 $1 (18... Kxf7 $143 19. Ng5+ Qxg5 (
19... Kg8 $2 20. Qb3+) (19... Kf8 20. Rxe4 Bxf5+ 21. g4 $1 Bd7 22. Qf3+ Kg8 23.
cxd4 $1 (23. Qf7+ Kh8 24. Qxg6 hxg6 25. Nf7+ Kg8 26. Nxd8 Rxd8 27. cxd4 d5 28.
Bg5 dxe4 29. Bxd8 Bxd4 $11) 23... Bc6 24. Qf7+ Kh8 25. d5 Be8 26. Be3 $16) 20.
Bxg5 Bxf5+ 21. Kg2 Rxe1 22. Qxe1 h6 {and the compensation is apparently
insufficient}) 19. Bxg6 (19. Rxe4 Bxf5+ 20. Kh2 Bxe4 $17) 19... Rxe1 20. Qxe1
hxg6 21. Bg5 Qe8 $17) (17. cxd4 {was worth attention as well:} Qc8 $5 ({if} 
17... d5 {then} 18. Bxd5 Bxf5 19. exf5 Qxd5 20. Rxe8+ Rxe8 21. fxg6 {and Black
cannot retreat his knight.}) (17... Qf6 18. Bc2 d5 19. e5 Nxf2 20. Qd2) 18.
Kxh3 (18. Bc2 d5) 18... Rxe4 19. Bxf7+ (19. Rxe4 Bxf5+ 20. g4 Bxe4 21. Ng5 d5
22. f3 Bf5 23. Bxd5 (23. gxf5 Qxf5+ 24. Kh2 Re8 $36) 23... Be6 24. Nxe6 fxe6
25. Be4 c6 $17) 19... Kh8 20. Bxg6 Rxe1 21. Qxe1 hxg6 $17) 17... Bxd4 18. Qxd4
(18. cxd4 Qf6 $5 (18... Ng5) 19. Kxh3 $140 Rxe4 20. g4 Rxg4 $1 $19) 18... Bxf5
19. exf5 Rxe1 $19 20. fxg6 hxg6 21. Bh6 (21. Kxh3 Qd7+) 21... Re5 (21... gxh6
$143 22. Rxe1 Ng5 23. f4 $132) 22. Bd2 Qd7 23. Rh1 Qc6+ 24. f3 Re2+ 25. Kxh3
Qxf3 26. Bd5 Qh5+ 0-1

[Event "EU-ch 6th"]
[Site "Warsaw"]
[Date "2005.06.20"]
[Round "3"]
[White "Baramidze, David"]
[Black "Zawadzka, Jolanta"]
[Result "1-0"]
[WhiteElo "2542"]
[BlackElo "2383"]
[Annotator "Atlas,V"]
[PlyCount "81"]
[EventDate "2005.06.18"]
[EventType "swiss"]
[EventRounds "13"]
[EventCountry "POL"]
[SourceTitle "CBM 108"]
[Source "ChessBase"]
[SourceDate "2005.09.26"]
[SourceVersion "1"]
[SourceVersionDate "2005.09.26"]
[SourceQuality "1"]

1. e4 e5 2. Nf3 Nc6 3. Bc4 Bc5 4. c3 Nf6 5. d3 d6 6. Nbd2 a6 7. Bb3 Ba7 8. O-O
O-O 9. Nc4 Ne7 10. a4 Ng6 11. Re1 Be6 12. Be3 Re8 13. Bxa7 Rxa7 14. Ng5 d5 15.
Nxe6 fxe6 16. Ne3 c6 17. a5 Ra8 18. g3 Qc7 19. h4 Qf7 20. Bc2 Rf8 21. Qe2 Rad8
22. Rad1 Nd7 23. Ng4 h5 24. Nh2 Nf6 25. Rf1 Qc7 26. Ra1 Nh8 27. Nf3 Nf7 28. Ng5
Qe7 29. exd5 exd5 30. Rae1 Rde8 31. Qd2 g6 32. Nxf7 Qxf7 33. Qg5 Nh7 34. Qd2
Nf6 35. f4 e4 $6 ({A risky continuation. More cautious was} 35... exf4) 36. f5
Re5 37. Qg5 Ng4 $2 ({Better was} 37... Qg7 38. Qxg6 Qxg6 39. fxg6 Kg7 40. Rf4)
38. dxe4 dxe4 $2 ({The final mistake. More stubborn was} 38... Rfe8) {[%tqu
"En","How can White finish his attack?","Deflect the black queen.","Sacrifice
your bishop!","c2b3","A very nice game conclusion!",4]} 39. Bb3 $1 {[%csl Gb3,
Rf7,Rg4,Gg5,Rg6,Rg8,Rh5] The most elegant and convincing way to the victory.
Black suffers huge material losses.} Qxb3 40. Qxg6+ Kh8 41. Qxh5+ 1-0

[Event "Krynica zt"]
[Site "Krynica"]
[Date "1998.09.04"]
[Round "3"]
[White "Nevednichy, Vladislav"]
[Black "Almasi, Zoltan"]
[Result "0-1"]
[WhiteElo "2545"]
[BlackElo "2650"]
[Annotator "Atlas,V"]
[PlyCount "88"]
[EventDate "1998.09.02"]
[EventType "swiss"]
[EventRounds "9"]
[EventCountry "POL"]
[SourceTitle "CBM 067"]
[Source "ChessBase"]
[SourceDate "1998.11.30"]
[SourceVersion "2"]
[SourceVersionDate "1998.11.01"]
[SourceQuality "1"]

{[%mdl 132]} 1. e4 e5 2. Nf3 Nc6 3. Bc4 Bc5 4. c3 Nf6 5. d3 a6 6. Bb3 Ba7 7.
Nbd2 O-O 8. O-O d6 9. h3 h6 10. Re1 Nh5 11. Nf1 Qf6 12. Be3 Nf4 (12... Bxe3 13.
Nxe3 Nf4 $11 {Karpov,An}) 13. Kh2 {This variation was tested in an encounter
Karpov,A-Yusupov,A/Bugojno 1986, in which White could get a small edge. The
text looks even more flexible, and yet Black succeeds in obtaining an
excellent counterplay.} (13. Bxa7 Rxa7 14. Kh2 Ne7 15. Ne3 Ra8 16. a4 $1 {
/\ a5+/=} Be6 17. Bxe6 fxe6 $6 $14 18. Ng1 Rad8 19. g3 Nfg6 20. Rf1 d5 21. Qe2
Nc6 22. Ng2 Rf7 23. h4 Rdf8 24. Rad1 Nge7 25. h5 g6 26. Nh3 (26. hxg6 {Karpov,
An} Nxg6 27. Qh5 Qg5 $1 $15) 26... Qf3 27. Qxf3 Rxf3 28. hxg6 Nxg6 29. Ne3 d4
30. Nc2 R3f7 (30... dxc3 {Karpov,An} 31. bxc3 Rd8 32. Ne1 (32. Ne3 Rf7 33. Rd2
Rfd7 $15) 32... Rf7 33. f4 $14) 31. cxd4 $1 $16 {1-0 Karpov,A-Yusupov,A/
Bugojno 1986/Inf 41/[Karpov,An] (61)}) 13... Be6 14. Bxe6 fxe6 15. Bxa7 Rxa7
16. Ne3 Raa8 17. Ng1 Qg6 $1 18. g3 Nh5 {In contrast with Karpov,A-Yusupov,A,
Black retreats his knight on the safe square h5 from where it threatens a pawn
at g3. Creating a pressure along f-file, Black overtakes an initiative.} 19.
Qe2 Rf7 20. Rf1 Raf8 21. Ng4 Nb8 $1 {Intending to knock over one of the
defender of the crucial square f2.} 22. b4 Nd7 23. Rae1 Ndf6 24. Nxf6+ Rxf6 25.
Qe3 d5 26. Kg2 Qf7 27. Qe2 b6 28. Qd2 Qg6 29. Qe3 Kh8 30. a3 b5 $1 31. Rd1 c6
32. Rde1 Rf4 $1 33. exd5 {White has no useful moves any more.} (33. Re2 d4 34.
cxd4 exd4 35. Qxd4 Nxg3 $19) (33. Kh2 d4 34. cxd4 exd4 35. Qxd4 Nxg3 $19) 33...
cxd5 34. Qxe5 R4f5 35. Qe3 e5 {Black has sacrificed one of the pawns on e-file
in order to set another one going. Being totally deprived of counterplay,
White cannot cope with the increasing threats.} 36. Ne2 e4 37. dxe4 Rf3 38. Qc5
dxe4 39. Qe5 Qf7 40. Nf4 (40. Qd4 e3 41. Nf4 Nxf4+ 42. gxf4 Qh5 43. Qd7 (43.
Rxe3 Qxh3+ 44. Kg1 Qg4+ 45. Kh1 R8xf4 46. Qd8+ Rf8 47. Qd3 R8f5 48. Qd8+ Kh7
49. Qd3 Qg6 $19) 43... R8xf4) 40... Nxf4+ 41. gxf4 Re8 42. Qd6 Re6 43. Qd8+ Kh7
44. Rh1 (44. Qh4 Rxf4 $19) 44... Rg6+ (44... Rg6+ 45. Kf1 Rxf2+ $1 46. Kxf2
Qxf4+ 47. Ke2 Rg2+ 48. Kd1 Qf3+ $19) 0-1

[Event "Enghien les Bains 2nd"]
[Site "Enghien les Bains"]
[Date "1997.03.14"]
[Round "1"]
[White "Fontaine, Robert"]
[Black "Dorfman, Josif D"]
[Result "0-1"]
[WhiteElo "2320"]
[BlackElo "2585"]
[Annotator "Atlas,V"]
[PlyCount "144"]
[EventDate "1997.03.14"]
[EventType "tourn"]
[EventRounds "9"]
[EventCountry "FRA"]
[EventCategory "10"]
[SourceTitle "CBM 058"]
[Source "ChessBase"]
[SourceDate "1997.06.01"]
[SourceVersion "1"]
[SourceVersionDate "1997.06.01"]
[SourceQuality "1"]

1. e4 e5 2. Nf3 Nc6 3. Bc4 Bc5 4. c3 Nf6 5. d3 d6 6. O-O Bb6 {This line
becomes quite popular at the las time. Black is ready to allow an exchange of
his bishop for the knight, counting on their counterchances at hte kingside.
In this position White has quite a few possibilities: 7.a4; 7.Bg5; 7.Re1 and 7.
Nbd2.} 7. Nbd2 O-O 8. Bb3 Ne7 9. Nc4 Ng6 10. Nxb6 {10.a4 does not promise
White anything substantial:} (10. a4 c6 11. Nxb6 axb6 12. Be3 h6 13. Ne1 c5 14.
f3 d5 15. d4 exd4 16. cxd4 Qe7 17. e5 cxd4 18. Qxd4 Nxe5 19. Qxb6 Re8 20. Bc5
Ra6 $1 21. Qb5 Qc7 22. Bf2 Bd7 23. Qb4 b5 $15 {1/2-1/2 Degraeve,J-Hamdouchi,H/
FRA-chT ;TD 94\03 1994 (40)}) 10... axb6 11. Re1 h6 12. h3 Nh7 13. Nh2 $6 (13.
d4 Qf6 14. Be3 Nf4 $132) 13... Qh4 14. Qf3 Ng5 15. Qg3 Qxg3 16. fxg3 Ne6 17.
Be3 Kh7 {/\18...f5} 18. Rf1 f6 19. Nf3 Nc5 20. Bc2 {Bishop pair is of no
particular value in the endgame occured. Moreover, White cannot avoid an
exhcange of one of the Bishops. After} (20. Bxc5 bxc5 {Black has the ideal
pawn structure for the bishops left. White tries to save dark-squared bishop,
but Black firmly takes over the initiative, capitalizing the importance of the
open a-file.}) 20... Na4 21. Bxa4 Rxa4 22. g4 {Once again preventing f5.} b5
23. a3 Be6 24. Nd2 Rfa8 25. Rac1 c5 26. Rfd1 Ne7 {Black's play is simple and
strong. White is deprived of concrete counterplay and should passively wait
for the development of events. Any pawn advancement weakens his position. Yet,
White opted for} 27. c4 bxc4 28. Nxc4 (28. dxc4 {was probably a better try.}
Nc6 (28... Nc8 $5 {/\Nb6 xc4} 29. Rc3) 29. Nb1 Rxc4 30. Rxc4 Bxc4 31. Rxd6 Nd4
32. Nd2 Bd3 33. Nb3 $15) 28... Rd8 29. b3 Ra6 30. b4 cxb4 31. axb4 d5 $1 32.
Na5 (32. b5 {is no good:} Ra2 (32... Ra4 33. Nb6) 33. Rd2 Rxd2 $1 34. Nxd2 d4
35. Bf2 Rc8 $19) 32... Rd7 33. Bc5 $6 b6 $1 {Black gets material advantage by
force.} 34. Bxe7 bxa5 35. Bc5 axb4 36. exd5 Bxd5 37. Bxb4 Ra2 38. Rd2 Rxd2 39.
Bxd2 Bf7 {Pawn on d3 is history.} 40. Rc3 Bg6 41. Kf2 Bxd3 42. Be3 Be4 43. Ra3
Rc7 44. Ra2 Rc3 45. Bd2 Rd3 46. Bb4 Rb3 47. Bc5 Kg6 48. Re2 Bb7 49. Rd2 Bc6 50.
Rc2 Kf7 51. Bd6 Be4 52. Rc7+ $2 (52. Rd2 {was more stubborn.}) 52... Kg8 53.
Rc8+ Kh7 54. Rc7 Rb2+ 55. Ke3 Bxg2 56. Bf8 Rb7 {Now White is clearly lost.} 57.
Rxb7 Bxb7 58. Be7 Kg6 59. Kf2 Kf7 60. Bb4 g6 61. Bd2 h5 62. Kg3 Ba6 63. Kh4 Be2
64. Bc3 Ke6 65. Ba5 f5 66. gxf5+ gxf5 67. Kg5 f4 68. Bb6 Bf1 69. Kxh5 Kf5 70.
Kh4 e4 71. Bf2 e3 72. Be1 Bb5 0-1

[Event "EU-Cup 14th final"]
[Site "Belgrade"]
[Date "1999.01.11"]
[Round "1"]
[White "Jaracz, Pawel"]
[Black "Piket, Jeroen"]
[Result "1-0"]
[WhiteElo "2439"]
[BlackElo "2609"]
[Annotator "Atlas,V"]
[PlyCount "127"]
[EventDate "1999.01.11"]
[EventType "team-k.o."]
[EventRounds "3"]
[EventCountry "YUG"]
[SourceTitle "EXT 2020"]
[Source "ChessBase"]
[SourceDate "2019.10.17"]
[SourceVersion "1"]
[SourceVersionDate "2019.10.17"]
[SourceQuality "1"]
[WhiteTeam "Gorzow Stilon Welkopolski"]
[BlackTeam "Sarajevo Bosna"]
[WhiteTeamCountry "POL"]
[BlackTeamCountry "BIH"]

1. e4 e5 2. Nf3 Nc6 3. Bc4 Bc5 4. c3 Nf6 5. d3 a6 6. O-O d6 7. Bb3 O-O 8. Re1
Ba7 9. h3 Ne7 {Black might also try to offer an exchange of light-square
bishops, playing on this move or later Be6. In this game Black chooses another
setup, with which he tries to seize initiative on the K-side.} (9... Be6 10.
Nbd2 Bxb3 11. Qxb3 Rb8 12. Nf1 Qd7 13. Ng3 Rfe8 14. Bg5 Qe6 15. Qxe6 Rxe6 16.
Rad1 Rbe8 {= 1/2-1/2 Dolmatov,S-Rodriguez,A/Minsk 1982/MCL (33)}) (9... Qe7 10.
Nbd2 Be6 11. Nf1 Rad8 12. Ng3 d5 13. Qe2 Kh8 14. exd5 Bxd5 15. d4 Rfe8 16. Nxe5
Nxe5 17. dxe5 Bxb3 18. Bg5 Rd5 19. axb3 Rxe5 {= 1/2-1/2 Dzindzichashvili,
R-Kortchnoi,V/Chicago 1982/ (37)}) 10. d4 (10. Bg5 Ng6 11. Nh4 Nxh4 12. Bxh4 h6
13. Nd2 Qe7 14. Nf1 Be6 15. Ne3 Rab8 16. Nd5 Bxd5 17. exd5 Rbe8 18. d4 Qd8 19.
dxe5 Rxe5 20. Qf3 {+= 1/2-1/2 Bojkovic,N-Micic,J/Cetinje 1990/EXT 97 (32)})
10... Ng6 11. Nbd2 b5 12. Nf1 Bb7 13. Ng3 c5 {Aiming at resolving a problem of
the dark-squared bishop and at pawn advancement on the Q-side..} 14. d5 $5 c4
15. Bc2 Bc8 16. Nh2 Kh8 17. a4 Bd7 18. Bg5 h6 19. Bd2 Bc5 20. Qf3 Nh4 21. Qe2
Qb6 {Black combines actions on both sides of the chess board, but white's
resources are far from being exhausted.} 22. a5 Qa7 23. Ng4 Bxg4 24. hxg4 Qd7
25. Bd1 $1 (25. g5 Qg4) 25... Nh7 {Otherwise g4-g5 is very unpleasant.} 26. Nf1
Ng5 {It looks as if well-arranged Black's pieces are impregnable, but White
proves this impression to be wrong. With a skilful maneouvre he eventaully
throws back both Black's knights and takes over the initiative on the K-side.}
27. Kh1 f6 28. Nh2 $1 Rae8 29. g3 Ng6 30. Bc2 Nf7 31. Nf1 Ne7 32. Ne3 g6 33.
Kg2 {Preparing to seize h-file with his rook and increase pressure on h6.} Kg7
34. Rh1 Rh8 35. b3 cxb3 36. Bxb3 Rb8 37. Bc2 Nd8 38. Bd3 Nb7 39. Nc2 Ba7 40.
Nb4 Nc5 41. Bc2 Rbc8 42. Be3 Rc7 43. Qd2 $1 Qxg4 (43... g5 {deserved attention,
since afther the text h-file will be in the hands of White.}) 44. Bxh6+ Kf7 45.
f3 Qc8 46. Be3 {gaining control over h-file.} Rxh1 47. Rxh1 g5 48. Rh6 Ng8 {
Black cannot ignore threats to his king.} (48... Ng6 $2 49. Bxg5) 49. Rh8 Kg7
50. Rh1 Kg6 51. Qd1 {threatening with 52. f4, and queen will take part in the
attack against Black's king.} Na4 (51... Rh7 52. Nc6) 52. Bxa7 Rxa7 53. Nc6 (
53. f4 {was also quite strong.}) 53... Rh7 {Now White liquideates into Q+N
endgame.} 54. Rxh7 Kxh7 55. Bxa4 bxa4 56. Qxa4 {White' position is won.} g4 57.
f4 exf4 58. gxf4 f5 59. Qd4 Qe8 60. e5 dxe5 61. Nxe5 Nf6 62. Qa7+ Kg8 63. d6
Qe6 64. c4 $1 1-0

[Event "FRA-ch"]
[Site "Meribel"]
[Date "1998.08.16"]
[Round "3"]
[White "Chomet, Pascal"]
[Black "Chabanon, Jean Luc"]
[Result "0-1"]
[WhiteElo "2405"]
[BlackElo "2490"]
[Annotator "Atlas,V"]
[PlyCount "74"]
[EventDate "1998.08.14"]
[EventType "tourn"]
[EventRounds "15"]
[EventCountry "FRA"]
[EventCategory "10"]
[SourceTitle "CBM 067"]
[Source "ChessBase"]
[SourceDate "1998.11.30"]
[SourceVersion "2"]
[SourceVersionDate "1998.11.01"]
[SourceQuality "1"]

{[%mdl 2176]} 1. e4 {. Landa,K} e5 2. Bc4 Nc6 3. d3 Bc5 4. Nf3 Nf6 5. c3 d6 6.
O-O O-O 7. Nbd2 a6 8. Bb3 Ba7 9. Re1 {Natural, yet probably not the best
continuation. The alternatives are:} (9. h3 h6 10. Re1 Nh5 11. Nc4 $5 {1-0
Landa,K-Almasi,Z/Budapest 1991/Inf 52/ (45)}) (9. Nc4 h6 10. Be3 Be6 11. Re1
Re8 $5 12. Bxa7 Rxa7 13. Ne3 Ra8 14. Bxe6 Rxe6 15. Nd5 Ne7 16. Nxf6+ Rxf6 17.
d4 Ng6 18. dxe5 dxe5 19. Qxd8+ Rxd8 20. Rad1 Rfd6 21. Rxd6 Rxd6 {1/2-1/2
Kindermann,S-Bischoff,K/Hamburg 1991/Inf 52}) 9... Ng4 {'!' Igor Glek's idea.
An advancement f7-f5 which allows Black to open the f-file allows Black to
obtain very dangerous counterplay.} 10. Re2 Kh8 11. h3 Nh6 12. Nf1 f5 13. Bxh6
gxh6 14. exf5 Bxf5 15. Bd5 Qf6 (15... Ne7 16. Be4 {N; 16.Bb7 - 39/397} Ng6 17.
Bxf5 (17. Ng3 Bxe4 (17... Bxh3 18. gxh3 d5 19. Bf5 $1 $13) 18. Rxe4 (18. dxe4
Rxf3 $1 19. gxf3 Nf4 20. Re1 Qh4 $19) 18... d5 19. Rg4 {Dreev,A-Yakovich,Y/
USSR 1987/Inf 43 (19)} (19. Rg4 Nf4 $1 {/\ h5} 20. Nxe5 (20. Ne2 Nxh3+) 20...
Bxf2+ $1 21. Kxf2 Nxd3+ 22. Kg1 Nxe5 23. Qd4 Qd6 24. Re1 Rae8 25. b4 Qb6 $17))
(17. d4 Nf4 18. Re1 Bxh3 $1 19. gxh3 Qd7 $1 $17) 17... Rxf5 18. Re4 Nf4 19. Ng3
Qg8 $17 {0-1 Torre,E-Wedberg,T/New York 1988/CBM 08 (52)}) (15... Qd7 16. Kh2
Ne7 17. Bxb7 Rab8 18. Be4 Ng6 19. Rd2 Nf4 20. Bxf5 Rxf5 21. Ng3 Rg8 $1 $17 {
0-1 Ivanov,A-Glek,I/Borzomi 1984/Inf 38 (35)}) 16. Ng3 Bd7 17. d4 {This move
does not change the assessment of the position. Strong Bishop pair, possession
of the f-file + better development guarantee Black good prospects.} (17. Be4
Rg8 18. Kh2 $2 Bxf2 19. Nh5 Qf7 20. Rxf2 Qxh5 21. d4 exd4 22. cxd4 d5 23. Bc2
Raf8 24. Qd2 Bxh3 25. gxh3 Rxf3 26. Rxf3 Qxf3 {0-1 Jakubiec,A-Skalik,P/POL-ch
1993/EXP 35 (26)}) 17... exd4 18. Bxc6 bxc6 19. Nxd4 Rae8 $1 {The last Black's
piece come into play with tempo.} 20. Rd2 $6 {White had no time for this move
- he had to try to enter the other rook into play instead.} (20. Rc1 $142 Rxe2
21. Qxe2 Bxd4 22. cxd4 Qxd4 23. Rc4 Qf6) (20. Rxe8 $2 Qxf2+) 20... c5 21. Nc2
c4 22. Nd4 d5 23. Qf1 h5 $1 24. Qd1 (24. Nxh5 Qg5 25. Qd1 Bxh3 26. Ng3 Bg4 27.
Qc2 c5 $17) (24. Re1 h4 25. Rxe8 (25. Nge2 Bxh3) 25... Rxe8 $19) 24... h4 25.
Nf1 Bxd4 (25... Bxh3 $17) 26. cxd4 Bxh3 $1 27. Ne3 (27. gxh3 Rg8+ 28. Kh2 Qf4+
29. Kh1 Re1 $1 $19) 27... Qg5 28. Kh1 Bd7 29. Rc1 h3 30. g3 c5 $1 {Completely
disorganizing White's fortifications.} 31. dxc5 d4 32. Nxc4 Qd5+ 33. f3 Rxf3
34. Kh2 Rxg3 $1 35. Qh1 (35. Kxg3 Rg8+ 36. Kf2 Rg2+ 37. Kf1 Qf5+ 38. Ke1 Rg1+
39. Ke2 Qe4+ 40. Kf2 Qg2#) 35... Rg2+ 36. Rxg2 hxg2 37. Qxg2 Qh5+ 0-1

[Event "Hastings 9697"]
[Site "Hastings"]
[Date "1996.??.??"]
[Round "3"]
[White "Movsesian, Sergei"]
[Black "Flear, Glenn C"]
[Result "1-0"]
[WhiteElo "2635"]
[BlackElo "2435"]
[Annotator "Atlas,V"]
[PlyCount "169"]
[EventDate "1996.12.??"]
[EventType "tourn"]
[EventRounds "9"]
[EventCountry "ENG"]
[EventCategory "13"]
[SourceTitle "CBM 057"]
[Source "ChessBase"]
[SourceDate "1997.04.01"]
[SourceVersion "1"]
[SourceVersionDate "1997.04.01"]
[SourceQuality "1"]

1. e4 e5 2. Nf3 Nc6 3. Bc4 Bc5 4. c3 Nf6 5. d3 a6 6. Bb3 Ba7 (6... O-O 7. h3 b5
8. O-O Bb6 9. Re1 d5 10. exd5 Nxd5 11. Nxe5 Nxe5 12. Rxe5 c6 13. Bxd5 cxd5 14.
Qf3 Bc7 $44 {Bologan,V-Sokolov,I/Halhidiki (7) 1992/0-1 (82)}) 7. Nbd2 O-O 8.
h3 h6 (8... d5 9. Qe2 dxe4 10. dxe4 Qe7 11. Nc4 b5 12. Ne3 Na5 13. Bc2 Nb7 14.
g4 g6 15. Rg1 Nd6 16. g5 $14 {1-0 Komleakov,V-Marin,M/Tusnad,CREM,IV.2 1993 
(38)}) 9. Qe2 (9. Nf1 d5 10. Qe2 Be6 11. Ng3 Na5 12. Bc2 dxe4 13. dxe4 Bc4 {
promices Black a good position (Kramnik,V-Galdunts,S/URS-chJ Kherson 1991).})
9... Re8 10. g4 Nh7 11. Rg1 d6 12. Nf1 Be6 13. Ng3 Bxb3 14. axb3 d5 15. Nf5
dxe4 16. dxe4 Ne7 17. Bd2 Qd7 {An important moment in the game.} 18. Kd1 $1 (
18. Bxh6 $6 {Piece sacrifice} gxh6 19. Nxh6+ Kg7 20. Nxe5 Qe6 21. Nexf7 {
is refuted by} Ng8 $1) (18. Nxe5 $2 Qe6 {leads to Black's advantage in view of
the unstable position of the White's King.}) (18. O-O-O $6 {While evacuating
the King, White should be very careful. The rook belongs to a1, as the line}
Qb5 $1 {demonstrates.}) 18... Ng6 (18... Qb5 $6 {Now leads after} 19. Qxb5 axb5
20. Nxe7+ Rxe7 21. Ke2 {E 22. e3 to a good position for White.}) 19. Kc2 Nf4
20. Bxf4 exf4 21. Rge1 Rad8 22. Rad1 Qe6 23. Rxd8 Rxd8 24. e5 Nf8 25. N3d4 Bxd4
26. Nxd4 Qd5 27. Qe4 Ne6 28. Qxd5 Rxd5 29. Nf3 {White preserves a minimal
advantage in the endgame. Yet Black has all chances to save the game.} Kf8 30.
h4 Ke7 31. b4 f6 32. Re4 fxe5 33. c4 $1 Rd8 34. Rxe5 Kf7 35. Kc3 Rd1 36. Rf5+
Ke7 37. Ne5 Rc1+ 38. Kd2 Rb1 39. Ng6+ Ke8 40. Nxf4 Nxf4 41. Rxf4 Rxb2+ 42. Kc3
Rb1 43. c5 Ke7 (43... a5 $6 44. bxa5 Rb5 45. c6 $1) 44. Kc4 Rd1 45. h5 Rd2 46.
f3 Rd1 47. Rf5 Rd2 48. Re5+ Kf7 49. Re4 Rd1 50. Kc3 Rd5 51. Re1 Rd8 52. Ra1 Ke6
53. f4 Rf8 54. Re1+ Kd7 55. Re4 Ra8 56. Re5 Rf8 57. Re4 Ra8 58. Kb3 b6 59. Re5
bxc5 (59... a5 {was probably a better try.}) 60. Rd5+ Kc6 61. Rxc5+ Kb6 62. Re5
Rf8 63. f5 Rf7 64. Kc4 c6 65. Re8 {White's pawn at b4 neutralizes both Black's
pawn at the queenside.} Rd7 66. Rb8+ Kc7 67. Rh8 Re7 68. Kd4 Rd7+ 69. Ke5 Re7+
70. Kf4 Kd6 71. Rd8+ $1 (71. Ra8 Rb7) 71... Kc7 72. Rf8 Kb6 (72... Kd6 73. f6
gxf6 74. Rxf6+ Re6 75. Rxe6+ Kxe6 76. g5 $18) 73. f6 gxf6 74. Rxf6 Rh7 75. Kf5
Rh8 76. Rg6 Kb5 77. Kf6 Kxb4 78. Kg7 Rc8 79. Rxh6 a5 80. Rf6 a4 81. h6 a3 82.
h7 a2 83. Rf1 c5 84. h8=Q Rxh8 85. Kxh8 1-0